Bases para la gestión del sistema presupuestal territorial 2010 / (Registro nro. 6352)
[ vista simple ]
| 000 -LEADER | |
|---|---|
| fixed length control field | 01098nam a2200253Ia 4500 |
| 003 - CONTROL NUMBER IDENTIFIER | |
| control field | OSt |
| 005 - DATE AND TIME OF LATEST TRANSACTION | |
| control field | 20200831214952.0 |
| 008 - FIXED-LENGTH DATA ELEMENTS--GENERAL INFORMATION | |
| fixed length control field | 191128s2010 ck fr f000 0 spa d |
| 020 ## - INTERNATIONAL STANDARD BOOK NUMBER | |
| International Standard Book Number | 9789588340562 |
| 040 ## - CATALOGING SOURCE | |
| Original cataloging agency | CO-JMCR |
| Transcribing agency | CO-JMCR |
| 041 0# - LANGUAGE CODE | |
| Language code of text/sound track or separate title | spa |
| 082 04 - DEWEY DECIMAL CLASSIFICATION NUMBER | |
| Classification number | 351.722 / |
| Item number | C718b |
| Edition number | 23 |
| 110 1# - MAIN ENTRY--CORPORATE NAME | |
| Corporate name or jurisdiction name as entry element | Colombia. |
| Subordinate unit | Departamento Nacional de Planeación |
| 9 (RLIN) | 4087 |
| 245 10 - TITLE STATEMENT | |
| Title | Bases para la gestión del sistema presupuestal territorial 2010 / |
| Statement of responsibility, etc. | Departamento Nacional de Planeación |
| 260 ## - PUBLICATION, DISTRIBUTION, ETC. | |
| Place of publication, distribution, etc. | Bogotá : |
| Name of publisher, distributor, etc. | Departamento Nacional de Planeación, |
| Date of publication, distribution, etc. | 2010 |
| 300 ## - PHYSICAL DESCRIPTION | |
| Extent | 432 páginas ; |
| Dimensions | 27 cm. |
| 520 3# - SUMMARY, ETC. | |
| Summary, etc. | El documento establece el alcance del sistema presupuestal en el nivel departamental y municipal, la actualización de las diferentes disposiciones sobre ingresos, gastos, procesos y procedimientos, así mismo, se incluye un capítulo sobre las opciones del |
| 650 14 - SUBJECT ADDED ENTRY--TOPICAL TERM | |
| Topical term or geographic name entry element | Presupuesto |
| 9 (RLIN) | 9517 |
| 650 ## - SUBJECT ADDED ENTRY--TOPICAL TERM | |
| Topical term or geographic name entry element | Hacienda pública |
| 9 (RLIN) | 9518 |
| 650 14 - SUBJECT ADDED ENTRY--TOPICAL TERM | |
| Topical term or geographic name entry element | Administración pública |
| 9 (RLIN) | 9519 |
| 650 14 - SUBJECT ADDED ENTRY--TOPICAL TERM | |
| Topical term or geographic name entry element | Gastos públicos |
| Geographic subdivision | Colombia |
| 9 (RLIN) | 6959 |
| 650 14 - SUBJECT ADDED ENTRY--TOPICAL TERM | |
| Topical term or geographic name entry element | Presupuesto nacional |
| Geographic subdivision | Colombia |
| 9 (RLIN) | 9331 |
| 942 ## - ADDED ENTRY ELEMENTS (KOHA) | |
| Source of classification or shelving scheme | Dewey Decimal Classification |
| Koha item type | Books |
| Withdrawn status | Lost status | Source of classification or shelving scheme | Damaged status | Not for loan | Home library | Current library | Date acquired | Source of acquisition | Total Checkouts | Total Renewals | Full call number | Barcode | Date last seen | Date last checked out | Copy number | Koha item type |
|---|---|---|---|---|---|---|---|---|---|---|---|---|---|---|---|---|
| Dewey Decimal Classification | Biblioteca Pública José María del Castillo y Rada | Biblioteca Pública José María del Castillo y Rada | 11/28/2019 | Donación | 2 | 1 | 351.722 / C718b | 430013069 | 05/16/2024 | 01/19/2024 | Ej.1 | Books |